La scuola dei genitori (Record n. 211266)

Dettagli MARC
000 -LEADER
fixed length control field 01293nam a2200205Ia 4500
001 - CONTROL NUMBER
control field b5836-39766
003 - CONTROL NUMBER IDENTIFIER
control field IT-MiCISF
008 - FIXED-LENGTH DATA ELEMENTS--GENERAL INFORMATION
fixed length control field 161014s9999||||xx |||||||||||||| ||und||
040 ## - CATALOGING SOURCE
Original cataloging agency IT-MiCISF
Transcribing agency IT-MiCISF
041 ## - LANGUAGE CODE
Language code of text/sound track or separate title it
999 ## - SYSTEM CONTROL NUMBERS (KOHA)
Koha Dewey Subclass [OBSOLETE] si
100 ## - MAIN ENTRY--PERSONAL NAME
Personal name Novara Daniele (a cura di)
245 #0 - TITLE STATEMENT
Title La scuola dei genitori
Remainder of title Come aiutare i figli a diventare grandi
250 ## - EDITION STATEMENT
Edition statement 1a ed.
260 ## - PUBLICATION, DISTRIBUTION, ETC. (IMPRINT)
Place of publication, distribution, etc. Piacenza
Name of publisher, distributor, etc. Editrice Berti
Date of publication, distribution, etc. 2004
300 ## - PHYSICAL DESCRIPTION
Extent pp. 130
500 ## - GENERAL NOTE
General note Novara D., Seveso G., Mantegazza R., Magistrali G., Baroni W., Plessi P., Barone P., Oliverio Ferraris A. / genitorialità, cambiamenti-famiglia, educazione-genitori, educazione-sessuale, distacco / Ai nuovi genitori spettano compiti difficili e apparentemente contraddittori: sintonizzarsi con i loro figli senza diventare infantili; rimuovere vecchie pratiche educative senza per questo rinunciare alla propria storia e alle proprie radici; liberare i figli dai disagi e dalle costrizioni senza volerli a tutti i costi preservare dalla naturale sofferenza che la vita e la crescita comportano. Il libro aiuta i genitori a essere efficaci, sostenendoli nella consapevolezza dell'importanza di questo ruolo educativo.
650 ## - SUBJECT ADDED ENTRY--TOPICAL TERM
Topical term or geographic name as entry element Genitorialità e problemi educativi / genitorlialità
Relator term 004
942 ## - ADDED ENTRY ELEMENTS (KOHA)
Koha item type LIBRO
957 ## -
-- 1
999 ## - SYSTEM CONTROL NUMBERS (KOHA)
-- 1
Dati di copia
Withdrawn status Lost status Damaged status Not for loan Home library Current library Date acquired Total Checkouts Full call number Date last seen Price effective from Koha item type Public note
    Buone Condizioni Not For Loan CISF - Milano CISF - Milano 14/10/2016   b5836-39766 14/10/2016 14/10/2016 LIBRO Data import 15.10.2016 / by Epidotti, Vaglietti
CREDITS: SOCIETA' SAN PAOLO Via A.Severo, 58 - ROMA (RM) & PERIODICI SAN PAOLO SRL Via Giotto, 36 MILANO & CISF Via Giotto, 36 MILANO & EDIZIONI SAN PAOLO SRL,  Piazza Soncino, 5 CINISELLO BALSAMO (MI) -- ITALY